000 00218nam a22000857a 4500
008 160916b xxu||||| |||| 00| 0 eng d
100 _9602
_aSharma.N.K
245 _aLab Science-6
260 _aNew Delhi
_bLP. Publications
_c2012
999 _c3260
_d3260